000 00546nam a22001937a 4500
005 20251108171947.0
008 250721s1990 xx 000 0 ara d
082 1 4 _a154.3/علي
100 1 _aكمال، علي
245 1 0 _aباب النون و باب الأحلام /
250 _aط2
264 1 _aبيروت :
_bدار واسط للنشر و التوزيع،
_c1990.
300 _a764ص
490 0 _aأبواب العقل الموصدة
650 1 7 _aالأحلام
650 1 7 _aالنوم
942 _2ddc
_cBK
999 _c66955
_d66955